000 00425nam a2200181Ia 4500
005 20250120021406.0
008 240331s9999 xx 000 0 und d
020 _a0415916267
082 _bDIG
_22712
_a305.32
245 0 _aMen Doing Feminism
260 _aNew York
_aLondon
_bRoutledge
_c1998
300 _axiv, 359 p.,
650 _aMen
650 _aFeminism
650 _aWomen
700 _aDigby, T
_eedt
942 _cL
999 _c1620
_d1620